[Event "Stay Safe Play From Home 327"]
[Site "Mustafa Kemal Atatürk"]
[Date "2020.07.23"]
[Round "1"]
[White "Lazieri3"]
[Black "Tunca"]
[Result "0-1"]
[WhiteElo "2083"]
[BlackElo "1716"]
[PlyCount "138"]
[EventDate "2020.07.23"]
[EventType "swiss (blitz)"]

1. e4 {[%emt 0:00:02]} e5 {[%emt 0:00:02]} 2. Nf3 {[%emt 0:00:01]} Nc6 {[%emt 0:00:01]} 3. Bc4 {[%emt 0:00:01]} Bc5 {[%emt 0:00:01]} 4. d3 {[%emt 0:00:01]} Nf6 {[%emt 0:00:01]} 5. O-O {[%emt 0:00:01]} d6 {[%emt 0:00:00]} 6. h3 {[%emt 0:00:01]} O-O {[%emt 0:00:02]} 7. Bg5 {[%emt 0:00:01]} Be6 {[%emt 0:00:01]} 8. Bxe6 {[%emt 0:00:01]} fxe6 {[%emt 0:00:00]} 9. Nc3 {[%emt 0:00:02]} a6 {[%emt 0:00:02]} 10. Qe2 {[%emt 0:00:03]} Qe8 {[%emt 0:00:02]} 11. a3 {[%emt 0:00:02]} Nh5 {[%emt 0:00:04]} 12. Be3 {[%emt 0:00:07]} Nf4 {[%emt 0:00:08]} 13. Bxf4 {[%emt 0:00:01]} Rxf4 {[%emt 0:00:02]} 14. Nd1 {[%emt 0:00:05]} Qh5 {[%emt 0:00:03]} 15. c3 {[%emt 0:00:06]} Raf8 {[%emt 0:00:03]} 16. Nd4 {[%emt 0:00:18]} Qg6 {[%emt 0:00:13]} 17. Nxc6 {[%emt 0:00:03]} bxc6 {[%emt 0:00:00]} 18. Ne3 {[%emt 0:00:13]} d5 {[%emt 0:00:19]} 19. exd5 {[%emt 0:00:22]} exd5 {[%emt 0:00:03]} 20. Rad1 {[%emt 0:00:02]} e4 {[%emt 0:00:31]} 21. dxe4 {[%emt 0:00:14]} Rxe4 {[%emt 0:00:00]} 22. Rd3 {[%emt 0:00:11]} Ref4 {[%emt 0:00:12]} 23. b4 {[%emt 0:00:19]} Bd6 {[%emt 0:00:08]} 24. Rd4 {[%emt 0:00:01]} Re8 {[%emt 0:00:17]} 25. Rxf4 {[%emt 0:00:04]} Bxf4 {[%emt 0:00:00]} 26. Qg4 {[%emt 0:00:02]} Qe4 {[%emt 0:00:10]} 27. Nf5 {[%emt 0:00:04]} Be5 {[%emt 0:00:08]} 28. Nh6+ {[%emt 0:00:07]} Kh8 {[%emt 0:00:01]} 29. Nf7+ {[%emt 0:00:01]} Kg8 {[%emt 0:00:01]} 30. Qxe4 {[%emt 0:00:03]} dxe4 {[%emt 0:00:01]} 31. Nxe5 {[%emt 0:00:01]} Rxe5 {[%emt 0:00:00]} 32. Rd1 {[%emt 0:00:01]} Kf7 {[%emt 0:00:02]} 33. Rd8 {[%emt 0:00:01]} Kf6 {[%emt 0:00:02]} 34. Ra8 {[%emt 0:00:02]} e3 {[%emt 0:00:03]} 35. fxe3 {[%emt 0:00:00]} Rxe3 {[%emt 0:00:01]} 36. Rxa6 {[%emt 0:00:00]} Rxc3 {[%emt 0:00:01]} 37. Ra7 {[%emt 0:00:01]} Kg6 {[%emt 0:00:03]} 38. Rxc7 {[%emt 0:00:01]} Rxa3 {[%emt 0:00:01]} 39. Rxc6+ {[%emt 0:00:01]} Kf7 {[%emt 0:00:00]} 40. Ra6 {[%emt 0:00:01]} Rxa6 {[%emt 0:00:02]} 41. Kf2 {[%emt 0:00:00]} Rb6 {[%emt 0:00:00]} 42. b5 {[%emt 0:00:01]} Rxb5 {[%emt 0:00:01]} 43. Kf3 {[%emt 0:00:00]} Kf6 {[%emt 0:00:00]} 44. h4 {[%emt 0:00:00]} Ke6 {[%emt 0:00:00]} 45. Kg3 {[%emt 0:00:00]} Ke5 {[%emt 0:00:00]} 46. Kh3 {[%emt 0:00:00]} Rb4 {[%emt 0:00:00]} 47. h5 {[%emt 0:00:00]} Kf5 {[%emt 0:00:00]} 48. g4+ {[%emt 0:00:01]} Kg5 {[%emt 0:00:00]} 49. Kg3 {[%emt 0:00:01]} Rxg4+ {[%emt 0:00:00]} 50. Kh3 {[%emt 0:00:00]} Kxh5 {[%emt 0:00:01]} 51. Kh2 {[%emt 0:00:01]} Kg5 {[%emt 0:00:01]} 52. Kh3 {[%emt 0:00:00]} Kf4 {[%emt 0:00:00]} 53. Kh2 {[%emt 0:00:00]} h5 {[%emt 0:00:00]} 54. Kh3 {[%emt 0:00:00]} Rg5 {[%emt 0:00:00]} 55. Kh2 {[%emt 0:00:00]} Rc5 {[%emt 0:00:00]} 56. Kh3 {[%emt 0:00:00]} g5 {[%emt 0:00:00]} 57. Kh2 {[%emt 0:00:01]} Rc3 {[%emt 0:00:00]} 58. Kg2 {[%emt 0:00:01]} g4 {[%emt 0:00:00]} 59. Kh2 {[%emt 0:00:00]} h4 {[%emt 0:00:00]} 60. Kg2 {[%emt 0:00:00]} h3+ {[%emt 0:00:00]} 61. Kf1 {[%emt 0:00:00]} g3 {[%emt 0:00:01]} 62. Ke2 {[%emt 0:00:01]} h2 {[%emt 0:00:01]} 63. Kd2 {[%emt 0:00:00]} h1=Q {[%emt 0:00:01]} 64. Kxc3 {[%emt 0:00:00]} Qf3+ {[%emt 0:00:00]} 65. Kd4 {[%emt 0:00:00]} g2 {[%emt 0:00:00]} 66. Kc5 {[%emt 0:00:01]} g1=Q+ {[%emt 0:00:00]} 67. Kd6 {[%emt 0:00:03]} Qe1 {[%emt 0:00:00]} 68. Kc5 {[%emt 0:00:01]} Qfd1 {[%emt 0:00:00]} 69. Kb6 {[%emt 0:00:00]} Qed2 {[%emt 0:00:00] Time (Lag: Av=0.59s, max=1.2s)} 0-1

[Event "Stay Safe Play From Home 327"]
[Site "Mustafa Kemal Atatürk"]
[Date "2020.07.23"]
[Round "1"]
[White "Haxhi Baha"]
[Black "SelamiSahin"]
[Result "1-0"]
[WhiteElo "1889"]
[BlackElo "2012"]
[PlyCount "83"]
[EventDate "2020.07.23"]
[EventType "swiss (blitz)"]

1. e4 {[%emt 0:00:01]} c6 {[%emt 0:00:01]} 2. Nf3 {[%emt 0:00:01]} d5 {[%emt 0:00:00]} 3. Nc3 {[%emt 0:00:01]} Bg4 {[%emt 0:00:02]} 4. h3 {[%emt 0:00:01]} Bxf3 {[%emt 0:00:02]} 5. Qxf3 {[%emt 0:00:00]} e6 {[%emt 0:00:00]} 6. d3 {[%emt 0:00:01]} Nd7 {[%emt 0:00:01]} 7. Bd2 {[%emt 0:00:01]} Ngf6 {[%emt 0:00:01]} 8. Qg3 {[%emt 0:00:01]} Nh5 {[%emt 0:00:04]} 9. Qf3 {[%emt 0:00:01]} Nhf6 {[%emt 0:00:01]} 10. g4 {[%emt 0:00:03]} h6 {[%emt 0:00:03]} 11. Qg3 {[%emt 0:00:01]} Bb4 {[%emt 0:00:10]} 12. e5 {[%emt 0:00:02]} Ng8 {[%emt 0:00:06]} 13. f4 {[%emt 0:00:01]} Qa5 {[%emt 0:00:07]} 14. a3 {[%emt 0:00:02]} Bxc3 {[%emt 0:00:05]} 15. Bxc3 {[%emt 0:00:00]} Qb6 {[%emt 0:00:03]} 16. O-O-O {[%emt 0:00:11]} Ne7 {[%emt 0:00:02]} 17. f5 {[%emt 0:00:01]} exf5 {[%emt 0:00:04]} 18. e6 {[%emt 0:00:00]} fxe6 {[%emt 0:00:03]} 19. Bxg7 {[%emt 0:00:02]} Rh7 {[%emt 0:00:01]} 20. gxf5 {[%emt 0:00:08]} Nxf5 {[%emt 0:00:00]} 21. Qg6+ {[%emt 0:00:01]} Kd8 {[%emt 0:00:16]} 22. Qxh7 {[%emt 0:00:01]} Kc7 {[%emt 0:00:06]} 23. Bxh6 {[%emt 0:00:06]} Qd4 {[%emt 0:00:12]} 24. h4 {[%emt 0:00:19]} Re8 {[%emt 0:00:02]} 25. Bg5 {[%emt 0:00:09]} Kc8 {[%emt 0:00:07]} 26. Bh3 {[%emt 0:00:01]} Ng3 {[%emt 0:00:04]} 27. Rhe1 {[%emt 0:00:07]} Nc5 {[%emt 0:00:08]} 28. Be3 {[%emt 0:00:14]} Nxd3+ {[%emt 0:00:19]} 29. Rxd3 {[%emt 0:00:03]} Qe5 {[%emt 0:00:02]} 30. Qf7 {[%emt 0:00:05]} Rh8 {[%emt 0:00:06]} 31. Qxe6+ {[%emt 0:00:05]} Qxe6 {[%emt 0:00:01]} 32. Bxe6+ {[%emt 0:00:00]} Kd8 {[%emt 0:00:02]} 33. Bg5+ {[%emt 0:00:01]} Kc7 {[%emt 0:00:01]} 34. Bf4+ {[%emt 0:00:00]} Kd8 {[%emt 0:00:01]} 35. Bxg3 {[%emt 0:00:01]} Rh6 {[%emt 0:00:00]} 36. Bf5 {[%emt 0:00:02]} b5 {[%emt 0:00:02]} 37. Bf4 {[%emt 0:00:03]} Rh5 {[%emt 0:00:02]} 38. Bg5+ {[%emt 0:00:00]} Kc7 {[%emt 0:00:01]} 39. Re7+ {[%emt 0:00:02]} Kb6 {[%emt 0:00:00]} 40. b4 {[%emt 0:00:00]} a5 {[%emt 0:00:01]} 41. Be3+ {[%emt 0:00:01]} Ka6 {[%emt 0:00:01]} 42. Ra7# {[%emt 0:00:01] (Lag: Av=0.65s, max=1.0s)} 1-0

[Event "Stay Safe Play From Home 327"]
[Site "Mustafa Kemal Atatürk"]
[Date "2020.07.23"]
[Round "1"]
[White "Padmaesh M K"]
[Black "Ionelluca"]
[Result "1-0"]
[WhiteElo "1752"]
[BlackElo "1879"]
[Annotator "NA"]
[PlyCount "81"]
[EventDate "2020.07.23"]
[EventType "swiss (blitz)"]

1. Nf3 {[%emt 0:00:02]} Nf6 {[%emt 0:00:05]} 2. g3 {[%emt 0:00:01]} b6 {[%emt 0:00:02]} 3. Bg2 {[%emt 0:00:01]} Bb7 {[%emt 0:00:01]} 4. O-O {[%emt 0:00:01]} g6 {[%emt 0:00:01]} 5. d4 {[%emt 0:00:02]} Bg7 {[%emt 0:00:01]} 6. c4 {[%emt 0:00:05]} O-O {[%emt 0:00:01]} 7. Nc3 {[%emt 0:00:02]} Ne4 {[%emt 0:00:01]} 8. Qc2 {[%emt 0:00:05]} Nxc3 {[%emt 0:00:01]} 9. bxc3 {[%emt 0:00:03]} f5 {[%emt 0:00:02]} 10. Rb1 {[%emt 0:00:06]} e6 {[%emt 0:00:04]} 11. c5 {[%emt 0:00:04]} d6 {[%emt 0:00:15]} 12. Ba3 {[%emt 0:00:11]} Be4 {[%emt 0:00:07]} 13. Qb3 {[%emt 0:00:07]} Re8 {[%emt 0:00:13]} 14. Rbc1 {[%emt 0:00:08]} Nd7 {[%emt 0:00:02]} 15. cxd6 {[%emt 0:00:21]} c5 {[%emt 0:00:09]} 16. dxc5 {[%emt 0:00:14]} Nxc5 {[%emt 0:00:01]} 17. Bxc5 {[%emt 0:00:02]} bxc5 {[%emt 0:00:01]} 18. Rcd1 {[%emt 0:00:05]} Rb8 {[%emt 0:00:04]} 19. Qa3 {[%emt 0:00:07]} Qb6 {[%emt 0:00:16]} 20. d7 {[%emt 0:00:04]} Red8 {[%emt 0:00:01]} 21. Rd2 {[%emt 0:00:09]} Rb7 {[%emt 0:00:02]} 22. Rfd1 {[%emt 0:00:02]} h6 {[%emt 0:00:05]} 23. Rd6 {[%emt 0:00:09]} Qb5 {[%emt 0:00:08]} 24. Rxe6 {[%emt 0:00:20]} Qxe2 {[%emt 0:00:06]} 25. Re1 {[%emt 0:00:06]} Qxe1+ {[%emt 0:00:30]} 26. Nxe1 {[%emt 0:00:03]} Rbxd7 {[%emt 0:00:01]} 27. Bxe4 {[%emt 0:00:12]} fxe4 {[%emt 0:00:01]} 28. Rxe4 {[%emt 0:00:01]} Kh7 {[%emt 0:00:04]} 29. Qb3 {[%emt 0:00:01]} Rd5 {[%emt 0:00:03]} 30. Re6 {[%emt 0:00:01]} Rf5 {[%emt 0:00:09]} 31. Qc2 {[%emt 0:00:01]} Rdf8 {[%emt 0:00:03]} 32. Rxg6 {[%emt 0:00:01]} Kxg6 {[%emt 0:00:07]} 33. g4 {[%emt 0:00:01]} Kh7 {[%emt 0:00:08]} 34. gxf5 {[%emt 0:00:00]} Kg8 {[%emt 0:00:01]} 35. Ng2 {[%emt 0:00:00]} Rf6 {[%emt 0:00:01]} 36. Ne3 {[%emt 0:00:00]} h5 {[%emt 0:00:01]} 37. Nd5 {[%emt 0:00:01]} Rd6 {[%emt 0:00:01]} 38. Ne7+ {[%emt 0:00:00]} Kf7 {[%emt 0:00:01]} 39. Ng6 {[%emt 0:00:00]} Rd1+ {[%emt 0:00:01]} 40. Kg2 {[%emt 0:00:00]} Rd2 {[%emt 0:00:01]} 41. Ne5+ {[%emt 0:00:00] Time (Lag: Av=0.53s, max=1.0s)} 1-0

[Event "Stay Safe Play From Home 327"]
[Site "Mustafa Kemal Atatürk"]
[Date "2020.07.23"]
[Round "1"]
[White "Timbre"]
[Black "Greblha"]
[Result "1-0"]
[WhiteElo "1628"]
[BlackElo "1953"]
[PlyCount "35"]
[EventDate "2020.07.23"]
[EventType "swiss (blitz)"]

1. d4 {[%emt 0:00:11]} c6 {[%emt 0:00:02]} 2. c3 {[%emt 0:00:05]} d5 {[%emt 0:00:02]} 3. Bf4 {[%emt 0:00:02]} Nf6 {[%emt 0:00:02]} 4. Nf3 {[%emt 0:00:01]} Bg4 {[%emt 0:00:02]} 5. e3 {[%emt 0:00:01]} Nbd7 {[%emt 0:00:02]} 6. Be2 {[%emt 0:00:01]} e6 {[%emt 0:00:02]} 7. Nbd2 {[%emt 0:00:02]} Be7 {[%emt 0:00:03]} 8. Ne5 {[%emt 0:00:02]} Bxe2 {[%emt 0:00:01]} 9. Qxe2 {[%emt 0:00:01]} Nxe5 {[%emt 0:00:01]} 10. Bxe5 {[%emt 0:00:02]} O-O {[%emt 0:00:04]} 11. Bxf6 {[%emt 0:00:02]} Bxf6 {[%emt 0:00:01]} 12. O-O {[%emt 0:00:01]} e5 {[%emt 0:00:01]} 13. dxe5 {[%emt 0:00:02]} Bxe5 {[%emt 0:00:01]} 14. f4 {[%emt 0:00:04]} Bf6 {[%emt 0:00:04]} 15. e4 {[%emt 0:00:02]} dxe4 {[%emt 0:00:02]} 16. Nxe4 {[%emt 0:00:02]} Re8 {[%emt 0:00:01]} 17. Nxf6+ {[%emt 0:00:02]} Qxf6 {[%emt 0:00:01]} 18. Qf3 {[%emt 0:00:02] Abbruch ' (Lag: Av=0.70s, max=3.7s)} 1-0

[Event "Stay Safe Play From Home 327"]
[Site "Mustafa Kemal Atatürk"]
[Date "2020.07.23"]
[Round "1"]
[White "Justwatch"]
[Black "Haris kollari 13"]
[Result "0-1"]
[WhiteElo "1472"]
[BlackElo "1831"]
[Annotator "NA"]
[PlyCount "74"]
[EventDate "2020.07.23"]
[EventType "swiss (blitz)"]

1. e4 {[%emt 0:00:01]} e6 {[%emt 0:00:01]} 2. Nf3 {[%emt 0:00:03]} d5 {[%emt 0:00:01]} 3. exd5 {[%emt 0:00:01]} exd5 {[%emt 0:00:00]} 4. d4 {[%emt 0:00:00]} c6 {[%emt 0:00:01]} 5. Be3 {[%emt 0:00:01]} Bd6 {[%emt 0:00:01]} 6. Nbd2 {[%emt 0:00:00]} Nf6 {[%emt 0:00:01]} 7. c4 {[%emt 0:00:02]} h6 {[%emt 0:00:02]} 8. cxd5 {[%emt 0:00:01]} Nxd5 {[%emt 0:00:02]} 9. Bc4 {[%emt 0:00:39]} Nxe3 {[%emt 0:00:07]} 10. fxe3 {[%emt 0:00:00]} O-O {[%emt 0:00:01]} 11. O-O {[%emt 0:00:02]} Re8 {[%emt 0:00:01]} 12. e4 {[%emt 0:00:01]} Bg4 {[%emt 0:00:04]} 13. h3 {[%emt 0:00:02]} Bh5 {[%emt 0:00:01]} 14. Qb3 {[%emt 0:00:03]} b5 {[%emt 0:00:07]} 15. Be2 {[%emt 0:00:02]} Bg3 {[%emt 0:00:07]} 16. e5 {[%emt 0:00:03]} Nd7 {[%emt 0:00:12]} 17. Ne4 {[%emt 0:00:10]} Nb6 {[%emt 0:00:13]} 18. Rad1 {[%emt 0:00:04]} Nd5 {[%emt 0:00:12]} 19. Nxg3 {[%emt 0:00:14]} Bxf3 {[%emt 0:00:05]} 20. Bxf3 {[%emt 0:00:01]} Nf4 {[%emt 0:00:08]} 21. Bxc6 {[%emt 0:00:45]} Qg5 {[%emt 0:00:07]} 22. Bxe8 {[%emt 0:00:04]} Rxe8 {[%emt 0:00:02]} 23. Rd3 {[%emt 0:00:03]} Rd8 {[%emt 0:00:08]} 24. Ne4 {[%emt 0:00:14]} Qh4 {[%emt 0:00:12]} 25. Rff3 {[%emt 0:00:04]} Ne6 {[%emt 0:00:05]} 26. Rg3 {[%emt 0:00:03]} Qxe4 {[%emt 0:00:04]} 27. Rde3 {[%emt 0:00:02]} Qxd4 {[%emt 0:00:02]} 28. Kh2 {[%emt 0:00:02]} Nc5 {[%emt 0:00:08]} 29. Qxb5 {[%emt 0:00:04]} Ne6 {[%emt 0:00:04]} 30. Rd3 {[%emt 0:00:01]} Qf4 {[%emt 0:00:02]} 31. Rxd8+ {[%emt 0:00:02]} Nxd8 {[%emt 0:00:02]} 32. Qe8+ {[%emt 0:00:00]} Kh7 {[%emt 0:00:01]} 33. Qxd8 {[%emt 0:00:00]} h5 {[%emt 0:00:01]} 34. Qe7 {[%emt 0:00:02]} h4 {[%emt 0:00:02]} 35. Qd6 {[%emt 0:00:00]} hxg3+ {[%emt 0:00:03]} 36. Kg1 {[%emt 0:00:00]} Qf2+ {[%emt 0:00:01]} 37. Kh1 {[%emt 0:00:01]} Qf1# {[%emt 0:00:01] (Lag: Av=0.45s, max=1.0s)} 0-1

[Event "Stay Safe Play From Home 327"]
[Site "Mustafa Kemal Atatürk"]
[Date "2020.07.23"]
[Round "2"]
[White "Sfantul321"]
[Black "Padmaesh M K"]
[Result "0-1"]
[WhiteElo "1998"]
[BlackElo "1775"]
[Annotator "NA"]
[PlyCount "100"]
[EventDate "2020.07.23"]
[EventType "swiss (blitz)"]

1. c4 {[%emt 0:00:01]} Nf6 {[%emt 0:00:02]} 2. Nc3 {[%emt 0:00:01]} g6 {[%emt 0:00:01]} 3. g3 {[%emt 0:00:01]} Bg7 {[%emt 0:00:01]} 4. Bg2 {[%emt 0:00:00]} c6 {[%emt 0:00:01]} 5. e4 {[%emt 0:00:01]} e5 {[%emt 0:00:04]} 6. Nf3 {[%emt 0:00:02]} d6 {[%emt 0:00:01]} 7. h3 {[%emt 0:00:01]} O-O {[%emt 0:00:03]} 8. O-O {[%emt 0:00:02]} c5 {[%emt 0:00:04]} 9. d3 {[%emt 0:00:01]} Nc6 {[%emt 0:00:01]} 10. Bg5 {[%emt 0:00:02]} h6 {[%emt 0:00:04]} 11. Be3 {[%emt 0:00:01]} Be6 {[%emt 0:00:02]} 12. Qd2 {[%emt 0:00:02]} Kh7 {[%emt 0:00:02]} 13. Kh2 {[%emt 0:00:01]} Nd4 {[%emt 0:00:08]} 14. Ng1 {[%emt 0:00:05]} Qd7 {[%emt 0:00:04]} 15. f4 {[%emt 0:00:01]} a6 {[%emt 0:00:12]} 16. Nd5 {[%emt 0:00:03]} Bxd5 {[%emt 0:00:06]} 17. cxd5 {[%emt 0:00:03]} b5 {[%emt 0:00:04]} 18. fxe5 {[%emt 0:00:01]} dxe5 {[%emt 0:00:02]} 19. Rac1 {[%emt 0:00:02]} Rac8 {[%emt 0:00:05]} 20. b3 {[%emt 0:00:04]} Qc7 {[%emt 0:00:25]} 21. Bxd4 {[%emt 0:00:08]} exd4 {[%emt 0:00:02]} 22. Qf4 {[%emt 0:00:01]} Nh5 {[%emt 0:00:05]} 23. Qxc7 {[%emt 0:00:03]} Rxc7 {[%emt 0:00:00]} 24. g4 {[%emt 0:00:02]} Be5+ {[%emt 0:00:01]} 25. Kh1 {[%emt 0:00:05]} Ng3+ {[%emt 0:00:01]} 26. Kh2 {[%emt 0:00:01]} Nxf1+ {[%emt 0:00:02]} 27. Kh1 {[%emt 0:00:01]} Ng3+ {[%emt 0:00:02]} 28. Kh2 {[%emt 0:00:01]} Ne2+ {[%emt 0:00:10]} 29. Kh1 {[%emt 0:00:01]} Nxc1 {[%emt 0:00:01]} 30. Nf3 {[%emt 0:00:01]} Bf4 {[%emt 0:00:03]} 31. e5 {[%emt 0:00:01]} Re8 {[%emt 0:00:03]} 32. d6 {[%emt 0:00:01]} Rd7 {[%emt 0:00:02]} 33. Ng1 {[%emt 0:00:07]} Bxe5 {[%emt 0:00:01]} 34. Bc6 {[%emt 0:00:02]} Bxd6 {[%emt 0:00:11]} 35. Bxd7 {[%emt 0:00:01]} Re1 {[%emt 0:00:02]} 36. Kg2 {[%emt 0:00:01]} Rd1 {[%emt 0:00:04]} 37. Bc8 {[%emt 0:00:03]} a5 {[%emt 0:00:09]} 38. Ba6 {[%emt 0:00:03]} b4 {[%emt 0:00:01]} 39. Ne2 {[%emt 0:00:04]} Nxe2 {[%emt 0:00:03]} 40. Kf3 {[%emt 0:00:01]} Nc3 {[%emt 0:00:03]} 41. a4 {[%emt 0:00:02]} bxa3 {[%emt 0:00:02]} 42. b4 {[%emt 0:00:01]} axb4 {[%emt 0:00:01]} 43. Bc4 {[%emt 0:00:02]} Rxd3+ {[%emt 0:00:02]} 44. Kf2 {[%emt 0:00:03]} Re3 {[%emt 0:00:02]} 45. h4 {[%emt 0:00:01]} Bg3+ {[%emt 0:00:01]} 46. Kg2 {[%emt 0:00:02]} a2 {[%emt 0:00:01]} 47. g5 {[%emt 0:00:00]} a1=Q {[%emt 0:00:02]} 48. gxh6 {[%emt 0:00:01]} Qb2+ {[%emt 0:00:01]} 49. Kh3 {[%emt 0:00:01]} Be5+ {[%emt 0:00:01]} 50. Kg4 {[%emt 0:00:01]} Rg3# {[%emt 0:00:01] (Lag: Av=0.34s, max=1.0s)} 0-1

[Event "Stay Safe Play From Home 327"]
[Site "Mustafa Kemal Atatürk"]
[Date "2020.07.23"]
[Round "2"]
[White "SelamiSahin"]
[Black "Lazieri3"]
[Result "1-0"]
[WhiteElo "1931"]
[BlackElo "2053"]
[Annotator "NA"]
[PlyCount "135"]
[EventDate "2020.07.23"]
[EventType "swiss (blitz)"]

1. d4 {[%emt 0:00:01]} c6 {[%emt 0:00:00]} 2. c4 {[%emt 0:00:01]} d5 {[%emt 0:00:00]} 3. Nc3 {[%emt 0:00:02]} Nf6 {[%emt 0:00:01]} 4. Nf3 {[%emt 0:00:02]} Bf5 {[%emt 0:00:01]} 5. Qb3 {[%emt 0:00:04]} Qb6 {[%emt 0:00:01]} 6. Qxb6 {[%emt 0:00:06]} axb6 {[%emt 0:00:00]} 7. cxd5 {[%emt 0:00:00]} Nxd5 {[%emt 0:00:02]} 8. Nxd5 {[%emt 0:00:02]} cxd5 {[%emt 0:00:00]} 9. e3 {[%emt 0:00:06]} e6 {[%emt 0:00:01]} 10. Bb5+ {[%emt 0:00:02]} Nc6 {[%emt 0:00:00]} 11. Ne5 {[%emt 0:00:02]} Rc8 {[%emt 0:00:01]} 12. Bd2 {[%emt 0:00:04]} f6 {[%emt 0:00:01]} 13. Nf3 {[%emt 0:00:05]} Bd6 {[%emt 0:00:02]} 14. Rc1 {[%emt 0:00:01]} Ke7 {[%emt 0:00:02]} 15. Ke2 {[%emt 0:00:04]} Rc7 {[%emt 0:00:01]} 16. Bd3 {[%emt 0:00:11]} Bxd3+ {[%emt 0:00:01]} 17. Kxd3 {[%emt 0:00:00]} Rhc8 {[%emt 0:00:03]} 18. e4 {[%emt 0:00:21]} dxe4+ {[%emt 0:00:02]} 19. Kxe4 {[%emt 0:00:00]} Nb4 {[%emt 0:00:05]} 20. a3 {[%emt 0:00:06]} Nd5 {[%emt 0:00:03]} 21. Rxc7+ {[%emt 0:00:13]} Rxc7 {[%emt 0:00:00]} 22. Rc1 {[%emt 0:00:01]} Rd7 {[%emt 0:00:03]} 23. Be3 {[%emt 0:00:04]} b5 {[%emt 0:00:01]} 24. Bd2 {[%emt 0:00:03]} b4 {[%emt 0:00:02]} 25. a4 {[%emt 0:00:03]} b3 {[%emt 0:00:06]} 26. Kd3 {[%emt 0:00:05]} h6 {[%emt 0:00:04]} 27. g3 {[%emt 0:00:02]} Nb6 {[%emt 0:00:04]} 28. a5 {[%emt 0:00:03]} Na4 {[%emt 0:00:03]} 29. Rb1 {[%emt 0:00:05]} Rc7 {[%emt 0:00:04]} 30. Bc3 {[%emt 0:00:01]} Kd7 {[%emt 0:00:20]} 31. Nd2 {[%emt 0:00:01]} e5 {[%emt 0:00:06]} 32. Nxb3 {[%emt 0:00:04]} exd4 {[%emt 0:00:02]} 33. Nxd4 {[%emt 0:00:03]} Be5 {[%emt 0:00:02]} 34. f4 {[%emt 0:00:03]} Nc5+ {[%emt 0:00:18]} 35. Ke3 {[%emt 0:00:04]} Bxd4+ {[%emt 0:00:03]} 36. Kxd4 {[%emt 0:00:00]} Nb3+ {[%emt 0:00:04]} 37. Ke4 {[%emt 0:00:03]} Rxc3 {[%emt 0:00:03]} 38. Rd1+ {[%emt 0:00:02]} Ke6 {[%emt 0:00:07]} 39. bxc3 {[%emt 0:00:01]} Nxa5 {[%emt 0:00:01]} 40. Rb1 {[%emt 0:00:02]} f5+ {[%emt 0:00:03]} 41. Kf3 {[%emt 0:00:03]} g6 {[%emt 0:00:09]} 42. Rb6+ {[%emt 0:00:03]} Kf7 {[%emt 0:00:01]} 43. Rb5 {[%emt 0:00:01]} b6 {[%emt 0:00:03]} 44. Rxb6 {[%emt 0:00:02]} Nc4 {[%emt 0:00:01]} 45. Rb4 {[%emt 0:00:02]} Nd6 {[%emt 0:00:04]} 46. c4 {[%emt 0:00:01]} Ne4 {[%emt 0:00:01]} 47. Rb7+ {[%emt 0:00:03]} Ke6 {[%emt 0:00:03]} 48. Rc7 {[%emt 0:00:01]} Kd6 {[%emt 0:00:03]} 49. Rh7 {[%emt 0:00:01]} g5 {[%emt 0:00:01]} 50. Rxh6+ {[%emt 0:00:01]} Kc5 {[%emt 0:00:01]} 51. fxg5 {[%emt 0:00:00]} Nxg5+ {[%emt 0:00:01]} 52. Kf4 {[%emt 0:00:01]} Ne4 {[%emt 0:00:01]} 53. Kxf5 {[%emt 0:00:01]} Nf2 {[%emt 0:00:01]} 54. g4 {[%emt 0:00:01]} Kxc4 {[%emt 0:00:00]} 55. g5 {[%emt 0:00:00]} Kd4 {[%emt 0:00:01]} 56. g6 {[%emt 0:00:01]} Ne4 {[%emt 0:00:00]} 57. Rh4 {[%emt 0:00:01]} Kd5 {[%emt 0:00:01]} 58. Rxe4 {[%emt 0:00:00]} Kd6 {[%emt 0:00:00]} 59. g7 {[%emt 0:00:00]} Kd5 {[%emt 0:00:01]} 60. g8=Q+ {[%emt 0:00:00]} Kc6 {[%emt 0:00:00]} 61. Qe6+ {[%emt 0:00:01]} Kb5 {[%emt 0:00:00]} 62. Qd5+ {[%emt 0:00:02]} Kb6 {[%emt 0:00:01]} 63. Rc4 {[%emt 0:00:01]} Ka7 {[%emt 0:00:03]} 64. Ra4+ {[%emt 0:00:01]} Kb6 {[%emt 0:00:01]} 65. Rc4 {[%emt 0:00:04]} Ka7 {[%emt 0:00:02]} 66. Qd3 {[%emt 0:00:00]} Ka6 {[%emt 0:00:03]} 67. Qb3 {[%emt 0:00:00]} Ka5 {[%emt 0:00:00]} 68. Ra4# {[%emt 0:00:00] (Lag: Av=0.70s, max=1.1s)} 1-0

[Event "Stay Safe Play From Home 327"]
[Site "Mustafa Kemal Atatürk"]
[Date "2020.07.23"]
[Round "2"]
[White "Greblha"]
[Black "Justwatch"]
[Result "1-0"]
[WhiteElo "1924"]
[BlackElo "1468"]
[PlyCount "39"]
[EventDate "2020.07.23"]
[EventType "swiss (blitz)"]

1. e4 {[%emt 0:00:01]} Nf6 {[%emt 0:00:00]} 2. e5 {[%emt 0:00:02]} Nd5 {[%emt 0:00:06]} 3. Nc3 {[%emt 0:00:02]} Nxc3 {[%emt 0:00:01]} 4. bxc3 {[%emt 0:00:01]} d6 {[%emt 0:00:00]} 5. exd6 {[%emt 0:00:02]} cxd6 {[%emt 0:00:00]} 6. d4 {[%emt 0:00:01]} Nc6 {[%emt 0:00:00]} 7. Bd3 {[%emt 0:00:03]} g6 {[%emt 0:00:01]} 8. Nf3 {[%emt 0:00:01]} Bg7 {[%emt 0:00:00]} 9. Be3 {[%emt 0:00:01]} O-O {[%emt 0:00:01]} 10. Qd2 {[%emt 0:00:01]} Bg4 {[%emt 0:00:00]} 11. Bh6 {[%emt 0:00:02]} Bxf3 {[%emt 0:00:01]} 12. gxf3 {[%emt 0:00:03]} e5 {[%emt 0:00:00]} 13. h4 {[%emt 0:00:05]} exd4 {[%emt 0:00:01]} 14. h5 {[%emt 0:00:01]} dxc3 {[%emt 0:00:02]} 15. Qc1 {[%emt 0:00:02]} Nd4 {[%emt 0:00:02]} 16. Bxg7 {[%emt 0:00:09]} Nxf3+ {[%emt 0:00:02]} 17. Kd1 {[%emt 0:00:08]} Kxg7 {[%emt 0:00:01]} 18. hxg6 {[%emt 0:00:04]} f6 {[%emt 0:00:01]} 19. Qh6+ {[%emt 0:00:03]} Kg8 {[%emt 0:00:01]} 20. Qxh7# {[%emt 0:00:01] (Lag: Av=0.43s, max=0.9s)} 1-0